00363 a2200121 450000500170000002000220001708200160003911100080005524500750006325000120013826000450015030000460019520250627090040.0 a978-0-7517-3581-9 a336.27 CAT aCAT aTechnician Paper 9 Preparing Taxations (FA 2007) : Interactive Text  a5th Ed. aLondon, bBPP Learning Media Ltd c2007. axx, 316p.: ill.; picture,bindex, c29cm.